trouver c'est 200 jeux grâce aux personnages - Statistiques

Statistiques générales
  • Ce quiz a été pris 80 fois
  • Le résultat moyen est 17 sur 200
Statistiques - réponses
personnage Réponse % Correct
lara croft tomb raider
89%
pikachu pokemon
76%
kratos god of war
73%
nathan drake uncharted
62%
pacman pacman
59%
joël the last of us
48%
geralt de riv the witcher
42%
cup head cuphead
39%
agent 47 hitman
39%
sub zero mortal kombat
39%
claire redfield resident evil
36%
doom slayer doom
35%
bayonetta bayonetta
33%
crash crash bandicoot
33%
master chief halo
32%
samus aran metroid
32%
steve minecraft
29%
mega man mega man
27%
dante devil may cry
26%
sora kingdom heart
26%
pharah overwatch
26%
aiden pearce watch dogs
24%
tom nook animal crossing new horizon
23%
seraphine league of legends
23%
johnny silverhand cyberpunk 2077
21%
dracula castlevania
20%
séphiroth final fantasy VII
20%
aloy horizon zero dawn
20%
alex mason call of duty : black ops
18%
vault boy fall out
18%
vaas far cry 3
18%
gordon freeman half life
18%
arthur morgan red dead redemption II
18%
beau jack borderlands
17%
cj gta san andreas
17%
eggman sonic the hedgehog
17%
jin kazama tekken
17%
killjoy valorant
17%
olimar pikmin
15%
pyramid head silent hill
15%
inkling splatoon
15%
sam fisher splinter cell
15%
godrick le greffé elden ring
14%
b4n4n3 fortnite
14%
jin sakai ghost of tsushima
14%
ellen ripley alien
12%
palutena kid icarus
12%
sebastian castellanos the evil within
12%
sackboy little big planet
11%
little mac punch out
11%
spyro spyro the dragon
11%
b.j blazkowicz wolfenstein
11%
Rico Rodriguez just cause
9%
faith connors mirror's edge
9%
frisk undertale
9%
marcus fenix gears of war
8%
jak jak and daxter
8%
kena kena bridge of spirits
8%
shulk xenoblade chronicles
8%
conker conker's bad fur day
6%
corvo attano dishonored
6%
amber genshin impact
6%
tommy angelo mafia
6%
2b nier : automata
6%
kerrigan starcraft
6%
edward kenway assasin's creed black flag
5%
deacon st john days gone
5%
isaac clarke dead space
5%
aiden caldwell dying light 2
5%
terence "terry" bogard fatal fury
5%
frey forspoken
5%
natsai onai hogwarts legacy : l'heritage de poudlard
5%
knack knack
5%
artyom metro 2033
5%
rydell need for speed unbound
5%
primrose la danseuse octopath traveler
5%
ryuji sakamoto persona 5
5%
sam "serious" stones serious sam
5%
eric leblanc the forrest
5%
montagne tom clancy's raimbow six : siege
5%
sergei nechaev atomic heart
3%
colt vahn death loop
3%
sam porter death stranding
3%
anthropophage demon's souls
3%
jesse rentier evil west
3%
cole mcgrath infamous
3%
miles upshur outlast
3%
wander shadow of the colossus
3%
wei shen sleeping dogs
3%
red angry birds
2%
stella avicii invector
2%
jodie holmes beyond : two souls
2%
tiz arrior bravely default
2%
brominator broforce
2%
igor chernobylite
2%
naran chorus
2%
dragon lord dragon quest
2%
john tanner driver : san francisco
2%
erica erica
2%
andre bishop fight night champion
2%
rayton fist
2%
marcus pitt follia-dear father
2%
fenyx immortals fenyx rising
2%
kao kao the kangaroo
2%
cole phelps L.A noire
2%
joseph griffin medal of honor : soleil levant
2%
sir daniel fortesque medievil
2%
quill moss book
2%
morgan yu prey
2%
alexander mercer prototype
2%
devinder crousley redfall
2%
marius titus ryse : son of rome
2%
lo wang shadow warrior
2%
raven sniper : ghost warrior contracts 2
2%
stella la navigatrice spiritfarer
2%
bd1 star wars jedi survivor
2%
colette brunel tales of symphonia
2%
garrett thief
2%
roland glenbrook triangle strategy
2%
nick kang True Crime: Streets of LA
2%
cahal werewolf : the apocalypse earthblood
2%
edith finch what remains of edith finch
2%
arthur artorias winter ember
2%
nathan adams yo kai watch
2%
renee afterimage
0%
spike ape escape
0%
arietta arietta of the spirits
0%
tyson rios army of two : le 40 ème jour
0%
indra axiom verge 2
0%
stephanie "watts" watson backbeat
0%
yaga blacktail
0%
ellis blair witch
0%
le pénitent blasphemous
0%
m.wolf bloodroots
0%
billy candle call of juarez
0%
rania cloudpunk
0%
kane command and conquer 4
0%
ash concrete genie
0%
nomad crysis
0%
flora burn curse of the sea rats
0%
death darksider II
0%
jann lee dead or alive
0%
chuck greene dead rising
0%
kathy johanson deliver us the moon
0%
crypto destroy all human
0%
jc denton deux ex
0%
michael j . goreng do not open
0%
hawke dragon age 2
0%
daryon edge of eternity
0%
jax elex
0%
eyepet eyepet
0%
point man fear 3
0%
izzy fuse
0%
akito izuki ghostwire : tokyo
0%
ax battler golden axe
0%
kat gravity rush
0%
grave gungrave G.O.R.E
0%
dieu des récoltes harvest moon : lumiére d'espoir
0%
kay haven
0%
jacqui ainsley heavy rain
0%
druth hellblade senua's sacrifice
0%
barry steakfries jetpack joyride
0%
mei jett le rivage lointain
0%
takayuki yagami judgement
0%
lucas kellan killzone shadow fall
0%
kirby kirby's dream land
0%
talion la terre du milieux : l'ombre du mordor
0%
uncle death let it die
0%
mono little nightmares 2
0%
oboromaru live a live
0%
ryu hayabusa ninja gaiden
0%
pisto-pois plants vs zombies 2
0%
joseph capelli resistance
0%
selene returnal
0%
clerc cecil saga of sins
0%
yuito sumeragi scarlet nexus
0%
dr kate ward scars above
0%
beatrix lebeau slime rancher
0%
karl fairburne sniper elite
0%
aegis steelrising
0%
nobita story of seasons
0%
neon stranger of paradise final fantasy origin
0%
boji stray blade
0%
dana roze syberia : the world before
0%
tad tad the lost explorer
0%
waffle ryebread tail concerto
0%
dilek temtem
0%
steampunker terraria
0%
jacob lee the callisto protocol
0%
sun wukong the crown of wu
0%
marianne the medium
0%
corvus thymesia
0%
hiroki trek to yomi
0%
ty ty the tasmanian tiger
0%
yarny unravel two
0%
hazel iversen vampire : the masquerade
0%
dr.jonathan reid vampyr
0%
hannah stone wanted : dead
0%
chroma warframe
0%
hee-min white day : a labyrinth named school
0%
Aucun quiz correspondant
Distribution des résultats
% des personnes avec chaque résultat
Percentile par nombre de réponses
Votre historique - résultats
Vous n’avez pas pris ce quiz